00816nam a2200217Ia 4500003000900000008004100009040001300050040001300063041000800076100002700084245003700111250001100148260001200159260000900171300001200180490000600192600019000198942000700388999001300395952019000408IT-RoPAU120407s9999 xx 000 0 und d aIT-RoPAU cIT-RoPAU aita aSalvianus Massiliensis aOeuvres. (Testo latino-francese) aParis  aDu Cerf c1971 c19,5 cm v1 a"t. 1° Les lettres, les livres de Timothée a l’Eglise . 348 p. (S. Chrétiennes, 176 t. 2° Du gouvernement de Dieu 588 p. (S. Chrétiennes, 220" cBK c112d112 00102ddc406276_800000000000000_317671aPAULUSbPAULUSd2012-04-11l0o276.8.3176r2012-04-11 00:00:00w2012-04-11yBKzInserito da: In data: n.d. fondo: Via A.Severo 56 Progr:27693